[Event "THA-chT op"]
[Site "Bangkok"]
[Date "2020.12.12"]
[Round "5.1"]
[White "Menkinoski, Riste"]
[Black "Abramowski, Joerg"]
[Result "1-0"]
[WhiteElo "2305"]
[BlackElo "1942"]
[PlyCount "159"]
[EventDate "2020.12.10"]
[EventType "team-swiss"]
[EventRounds "9"]
[EventCountry "THA"]
[SourceTitle "CBM 199 Extra"]
[Source "ChessBase"]
[SourceDate "2021.01.31"]
[SourceVersion "1"]
[SourceVersionDate "2021.01.31"]
[SourceQuality "1"]
[WhiteTeam "Red Knight CC"]
[BlackTeam "Pattaya Knightmares"]
[WhiteTeamCountry "THA"]
[BlackTeamCountry "THA"]

1. e4 c6 2. Nc3 d5 3. Qe2 d4 4. Nd1 e5 5. g3 Bd6 6. Bg2 Ne7 7. d3 Be6 8. Nh3 f6 9. f4 Nd7 10. 0-0 Qc7 11. c3 c5 12. cxd4 cxd4 13. Bd2 Rc8 14. Rc1 Qb8 15. a3 Rxc1 16. Bxc1 Qc7 17. Ndf2 Qb6 18. Qh5+ Kd8 19. fxe5 Nxe5 20. Nf4 Bf7 21. Qe2 Kc7 22. Ng4 Kb8 23. Nxe5 Bxe5 24. Bh3 h5 25. Ng2 Be8 26. Bf4 Qd6 27. Bxe5 Qxe5 28. Nh4 a6 29. Nf3 Qd6 30. e5 fxe5 31. Qxe5 Qxe5 32. Nxe5 Nc6 33. Nc4 b5 34. Nd6 Ne5 35. Nxe8 Rxe8 36. Bf5 Kc7 37. Rc1+ Kd6 38. Be4 Rf8 39. b4 Nf3+ 40. Kg2 Ne5 41. h3 Rf7 42. Rc5 Rc7 43. Rd5+ Ke6 44. Rxd4 Rc2+ 45. Kf1 Rc3 46. Ke2 Rxa3 47. Ke3 g5 48. Bd5+ Kf6 49. Bg8 Kg7 50. Bd5 Kf6 51. Bb7 Ke7 52. Ke4 Nf7 53. Kd5 Nd6 54. Kc6 Nf5 55. Re4+ Kf6 56. g4 hxg4 57. hxg4 Ne7+ 58. Kb6 Rxd3 59. Kxa6 Ng6 60. Kxb5 Ne5 61. Bc8 Rd8 62. Ba6 Nf7 63. Kc6 Ne5+ 64. Kc7 Rd7+ 65. Kc8 Rd2 66. b5 Nf7 67. Re1 Rb2 68. Kc7 Ne5 69. Re4 Nd3 70. Kd6 Nf4 71. Kc6 Rc2+ 72. Kd7 Rd2+ 73. Kc8 Nd5 74. Kb7 Ne7 75. Ka7 Ng6 76. b6 Ne5 77. Rxe5 Kxe5 78. b7 Rd7 79. Ka8 Rd6 80. b8Q 1-0

[Event "THA-chT op"]
[Site "Bangkok"]
[Date "2020.12.12"]
[Round "6.1"]
[White "Wongsawan, Thoetsak"]
[Black "Abramowski, Joerg"]
[Result "1/2-1/2"]
[WhiteElo "1828"]
[BlackElo "1942"]
[PlyCount "127"]
[EventDate "2020.12.10"]
[EventType "team-swiss"]
[EventRounds "9"]
[EventCountry "THA"]
[SourceTitle "CBM 199 Extra"]
[Source "ChessBase"]
[SourceDate "2021.01.31"]
[SourceVersion "1"]
[SourceVersionDate "2021.01.31"]
[SourceQuality "1"]
[WhiteTeam "Chess Avengers 101"]
[BlackTeam "Pattaya Knightmares"]
[WhiteTeamCountry "THA"]
[BlackTeamCountry "THA"]

1. d4 Nf6 2. Nf3 d5 3. c4 e6 4. Nc3 Be7 5. Bg5 h6 6. Bh4 0-0 7. e3 b6 8. cxd5 exd5 9. Bd3 Bb7 10. 0-0 Nbd7 11. Rc1 c5 12. Qe2 c4 13. Bb1 a6 14. a4 Re8 15. Ne5 Nxe5 16. dxe5 Nd7 17. Bxe7 Qxe7 18. f4 f6 19. Qc2 Nf8 20. Qf5 Rad8 21. Rcd1 Bc8 22. Qh5 Be6 23. Kh1 Bf7 24. Qf3 fxe5 25. fxe5 Qe6 26. Ne2 Qd7 27. Nd4 Re7 28. Nf5 Re6 29. Nd6 Bg6 30. Qxd5 Bxb1 31. Rxb1 Kh7 32. Qe4+ Ng6 33. Nxc4 b5 34. axb5 axb5 35. h4 Qd3 36. Qxd3 Rxd3 37. h5 Nxe5 38. Nxe5 Rxe5 39. g4 Rexe3 40. Rf4 Rb3 41. Rf2 Re4 42. Rg1 Rbb4 43. Rfg2 Rbc4 44. Kh2 b4 45. Kh3 Rcd4 46. Rg3 Re2 47. R1g2 Rxg2 48. Rxg2 g6 49. Re2 gxh5 50. gxh5 Kg7 51. Kg3 Kf6 52. Rc2 Rd5 53. Rc4 Kg5 54. Rxb4 Rd3+ 55. Kg2 Kxh5 56. Rf4 Rb3 57. Rf2 Kg4 58. Rc2 Rb4 59. Rd2 h5 60. Rc2 h4 61. Kg1 Kf3 62. Rc3+ Ke2 63. b3 Kd2 64. Rc4 1/2-1/2

[Event "THA-chT op"]
[Site "Bangkok"]
[Date "2020.12.11"]
[Round "3.1"]
[White "Abramowski, Joerg"]
[Black "Naumov, Maxim"]
[Result "0-1"]
[WhiteElo "1942"]
[BlackElo "2099"]
[PlyCount "79"]
[EventDate "2020.12.10"]
[EventType "team-swiss"]
[EventRounds "9"]
[EventCountry "THA"]
[SourceTitle "CBM 199 Extra"]
[Source "ChessBase"]
[SourceDate "2021.01.31"]
[SourceVersion "1"]
[SourceVersionDate "2021.01.31"]
[SourceQuality "1"]
[WhiteTeam "Pattaya Knightmares"]
[BlackTeam "Bangkok CC"]
[WhiteTeamCountry "THA"]
[BlackTeamCountry "THA"]

1. e4 c6 2. d4 d5 3. exd5 cxd5 4. c4 Nf6 5. Nc3 Nc6 6. Nf3 Bg4 7. cxd5 Nxd5 8. Qb3 Bxf3 9. gxf3 e6 10. Qxb7 Nxd4 11. Bb5+ Nxb5 12. Qc6+ Ke7 13. Qc5+ Nd6 14. Nxd5+ exd5 15. 0-0 Kd7 16. Qxd5 Rb8 17. Rd1 Qf6 18. Be3 Be7 19. Rac1 Rhc8 20. Rxc8 Rxc8 21. Qb7+ Rc7 22. Qb5+ Kc8 23. Qa6+ Kb8 24. Rd3 Rb7 25. Rb3 Rxb3 26. Bxa7+ Kc7 27. axb3 Qxf3 28. Bb6+ Kd7 29. Qa4+ Ke6 30. b4 h5 31. Bc5 h4 32. h3 Qxh3 33. b5 Qf5 34. b4 h3 35. Qb3+ Kd7 36. b6 Qg4+ 37. Kf1 h2 38. Qa4+ Ke6 39. Qb3+ Nc4 40. Ke1 0-1

[Event "THA-chT"]
[Site "Bangkok"]
[Date "2019.12.19"]
[Round "7.1"]
[White "Habla, Jony"]
[Black "Abramowski, Joerg"]
[Result "1-0"]
[WhiteElo "2102"]
[BlackElo "1939"]
[PlyCount "91"]
[EventDate "2019.12.16"]
[EventType "team-swiss"]
[EventRounds "9"]
[EventCountry "THA"]
[SourceTitle "CBM 194 Extra"]
[Source "ChessBase"]
[SourceDate "2020.03.31"]
[SourceVersion "1"]
[SourceVersionDate "2020.03.31"]
[SourceQuality "1"]
[WhiteTeam "Big Rook Chess Academy"]
[BlackTeam "Pattaya Knightmares"]
[WhiteTeamCountry "THA"]
[BlackTeamCountry "THA"]

1. d4 Nf6 2. c4 g6 3. h3 Bg7 4. Nf3 0-0 5. a4 d6 6. Nc3 Nbd7 7. a5 e5 8. d5 Nc5 9. Nd2 e4 10. Nb3 Nxb3 11. Qxb3 Qe7 12. Qc2 Bd7 13. g4 h6 14. Bg2 Rfe8 15. Qb3 a6 16. Be3 g5 17. Rd1 c5 18. Qc2 Rab8 19. b4 cxb4 20. Na2 Bxg4 21. hxg4 Nxg4 22. Bh3 Nxe3 23. fxe3 Qe5 24. Kd2 f5 25. Rhf1 Rf8 26. Nxb4 Rbe8 27. Qb3 Re7 28. Nc2 Kh8 29. Rb1 Ref7 30. Nd4 g4 31. Bg2 f4 32. Ne6 f3 33. Nxf8 Bxf8 34. Qc3 Bg7 35. Qxe5 Bxe5 36. exf3 exf3 37. Bh1 Kg7 38. Kd3 Kg6 39. Ke4 Bc3 40. Bxf3 gxf3 41. Rxf3 Re7+ 42. Kd3 Bxa5 43. Rg1+ Kh7 44. Rf6 Bb4 45. Rh1 Bc5 46. Rfxh6+ 1-0

[Event "Bangkok op 17th"]
[Site "Bangkok"]
[Date "2017.04.08"]
[Round "1"]
[White "Bindrich, Falko"]
[Black "Abramowski, Joerg"]
[Result "1-0"]
[WhiteElo "2582"]
[BlackElo "1983"]
[PlyCount "45"]
[EventDate "2017.04.08"]
[EventType "swiss"]
[EventRounds "9"]
[EventCountry "THA"]
[SourceTitle "CBM 177 Extra"]
[Source "ChessBase"]
[SourceDate "2017.04.27"]
[SourceVersion "1"]
[SourceVersionDate "2017.04.27"]
[SourceQuality "1"]

1. d4 Nf6 2. c4 g6 3. Nc3 d5 4. Bg5 Ne4 5. Bh4 Nxc3 6. bxc3 dxc4 7. e3 Be6 8. Nh3 Bxh3 9. gxh3 Qd5 10. Rg1 Qa5 11. Qc2 Nd7 12. Bxc4 Bg7 13. Rb1 Nb6 14. Be2 e5 15. Rb5 Qa3 16. dxe5 c6 17. Rb3 Qc5 18. Rg5 h6 19. Rxg6 fxg6 20. Qxg6+ Kf8 21. Qf5+ Kg8 22. Qe6+ Kf8 23. Bh5 1-0